Amir Khusro: Halaate Zindagi aur Urdu Shaeri/ (Record no. 614312)

000 -LEADER
fixed length control field 00649nam a22001697a 4500
082 ## - DEWEY DECIMAL CLASSIFICATION NUMBER
Classification number 891.4392092
Author Mark KHU
245 ## - TITLE STATEMENT
Title Amir Khusro: Halaate Zindagi aur Urdu Shaeri/
Statement of responsibility, etc. authored or compiled by Muhammad Asim Butt,
260 ## - PUBLICATION, DISTRIBUTION, ETC.
Place of publication, distribution, etc. Lahore:
Name of publisher, distributor, etc. Al‑Hamd Publications,
Date of publication, distribution, etc. 2020.
300 ## - PHYSICAL DESCRIPTION
Extent 182p.
563 ## - BINDING INFORMATION
Binding note HB
650 ## - SUBJECT ADDED ENTRY--TOPICAL TERM
Topical term or geographic name entry element Sufism in literature
650 ## - SUBJECT ADDED ENTRY--TOPICAL TERM
Topical term or geographic name entry element Urdu poetry
880 ## - ALTERNATE GRAPHIC REPRESENTATION
Linkage 100-01\(3\r
Title امیر خسرو :حالاتِ زندگی اور اردو شاعری
880 ## - ALTERNATE GRAPHIC REPRESENTATION
Linkage 100-02\(3\r
Title ترتیب و تدوین محمد اسیم بٹ
880 ## - ALTERNATE GRAPHIC REPRESENTATION
Linkage 100-03\(3\r
Title لاہور:
b الحمد پبلکیشنز
c 2020.
942 ## - ADDED ENTRY ELEMENTS (KOHA)
Source of classification or shelving scheme
Koha item type Book
650 ## - SUBJECT ADDED ENTRY--TOPICAL TERM
-- 129769
650 ## - SUBJECT ADDED ENTRY--TOPICAL TERM
-- 751
Holdings
Withdrawn status Lost status Source of classification or shelving scheme Damaged status Not for loan Permanent Location Current Location Shelving location Date acquired Source of acquisition Total Checkouts Full call number Barcode Date last seen Price effective from Koha item type
          Central Library (CL) Central Library (CL) Urdu Literature 07/12/2025 Donation   891.4392092 KHU CL-D-2957 07/12/2025 07/12/2025 Book
© 2023 Central Library, National University of Sciences and Technology. All Rights Reserved.